LIBRARY & INFORMATION CENTRE, KCAET, TAVANUR

ONLINE PUBLIC ACCESS CATALOGUE (OPAC)

Vilaparipalanam / (Record no. 548)

MARC details
000 -LEADER
fixed length control field 01035cam a2200433ua 4500
041 ## - LANGUAGE CODE
Language code of text/sound track or separate title eng
082 ## - DEWEY DECIMAL CLASSIFICATION NUMBER
Classification number 632
Item number RAM/VI
100 ## - MAIN ENTRY--AUTHOR NAME
Personal name Ramachandra, Pillai G.
245 ## - TITLE STATEMENT
Title Vilaparipalanam /
260 ## - PUBLICATION, DISTRIBUTION, ETC. (IMPRINT)
Place of publication Thiruvananthapuram :
Name of publisher State Instititute of Languages ,
Year of publication 1979.
300 ## - PHYSICAL DESCRIPTION
Number of Pages 253 ; .
942 ## - ADDED ENTRY ELEMENTS (KOHA)
Koha item type Books
Holdings
Withdrawn status Lost status Damaged status Home library Current library Date acquired Full call number Accession Number Koha item type
      KAUAET KAUAET 07/04/2012 632 13930 Books
      KAUAET KAUAET 07/04/2012 632 13927 Books
      KAUAET KAUAET 07/04/2012 632 13914 Books
      KAUAET KAUAET 07/04/2012 632 13915 Books
      KAUAET KAUAET 07/04/2012 632 12886 Books
      KAUAET KAUAET 07/04/2012 632 13925 Books
      KAUAET KAUAET 07/04/2012 632 13917 Books
      KAUAET KAUAET 07/04/2012 632 13931 Books
      KAUAET KAUAET 07/04/2012 632 12901 Books
      KAUAET KAUAET 07/04/2012 632 13918 Books
      KAUAET KAUAET 07/04/2012 632 13920 Books
      KAUAET KAUAET 07/04/2012 632 13926 Books
      KAUAET KAUAET 07/04/2012 632 13923 Books
      KAUAET KAUAET 07/04/2012 632 13912 Books
      KAUAET KAUAET 07/04/2012 632 13921 Books
      KAUAET KAUAET 07/04/2012 632 12883 Books
      KAUAET KAUAET 07/04/2012 632 13919 Books
      KAUAET KAUAET 07/04/2012 632 13913 Books
      KAUAET KAUAET 07/04/2012 632 13929 Books
      KAUAET KAUAET 07/04/2012 632 13916 Books
      KAUAET KAUAET 07/04/2012 632 13924 Books
      KAUAET KAUAET 07/04/2012 632 12885 Books
      KAUAET KAUAET 07/04/2012 632 13922 Books
      KAUAET KAUAET 26/10/2023 632 RAM/VI 13928 Books
free website counter